Growing up good: policing the behaviour of girls in Europe
| Contributors: | |
|---|---|
| Format: | Print Book |
| Language: | English |
| Published: |
London [u.a.]
Sage
1989
|
| In: | Year: 1989 |
| Online Access: |
Publisher description Table of contents |
| Availability in Tübingen: | Present in Tübingen. UB: KB 18 A 5986 |
| Check availability: | HBZ Gateway |
| Subito Delivery Service: | Order now. |
| Keywords: |
MARC
| LEADER | 00000cam a2200000 c 4500 | ||
|---|---|---|---|
| 001 | 1648852246 | ||
| 003 | DE-627 | ||
| 005 | 20251225205439.0 | ||
| 007 | tu | ||
| 008 | 891220s1989 xxk||||| 00| ||eng c | ||
| 016 | 7 | |a b8924546 |2 UK | |
| 020 | |a 0803980213 |9 0-8039-8021-3 | ||
| 020 | |a 0803980221 |9 0-8039-8022-1 | ||
| 035 | |a (DE-627)1648852246 | ||
| 035 | |a (DE-576)019299826 | ||
| 035 | |a (DE-599)BSZ019299826 | ||
| 035 | |a (OCoLC)22780306 | ||
| 035 | |a (OCoLC)22780306 | ||
| 035 | |a (DE-604)8021796645 | ||
| 040 | |a DE-627 |b ger |c DE-627 |e rakwb | ||
| 041 | |a eng | ||
| 044 | |c XA-GB | ||
| 050 | 0 | |a HV9144.A5 | |
| 082 | 0 | |a 364.3/6/082 | |
| 082 | 0 | |a 364.36082 | |
| 082 | 0 | |a 305.2/3 |q OCLC | |
| 084 | |a DU 3000 |2 rvk |0 (DE-625)rvk/20045:761 | ||
| 245 | 0 | 0 | |a Growing up good |b policing the behaviour of girls in Europe |c ed. by Maureen Cain |
| 264 | 1 | |a London [u.a.] |b Sage |c 1989 | |
| 300 | |a X, 246 S. | ||
| 336 | |a Text |b txt |2 rdacontent | ||
| 337 | |a ohne Hilfsmittel zu benutzen |b n |2 rdamedia | ||
| 338 | |a Band |b nc |2 rdacarrier | ||
| 500 | |a Includes bibliographical references and index | ||
| 583 | 1 | |a Archivierung prüfen |c 20240324 |f DE-4165 |z 3 |2 pdager | |
| 650 | 0 | |a Female juvenile delinquents |x Europe | |
| 650 | 0 | |a Juvenile justice, Administration of |x Europe | |
| 650 | 0 | 7 | |0 (DE-588)4036871-3 |0 (DE-627)104253827 |0 (DE-576)209020989 |a Mädchen |2 gnd |
| 650 | 0 | 7 | |0 (DE-588)4028893-6 |0 (DE-627)106276565 |0 (DE-576)208979999 |a Jugendkriminalität |2 gnd |
| 650 | 0 | 7 | |0 (DE-588)4055783-2 |0 (DE-627)104675101 |0 (DE-576)209115386 |a Sozialisation |2 gnd |
| 650 | 4 | |a Girls. Social behaviour | |
| 650 | 4 | |a Geschlechtsunterschied | |
| 650 | 4 | |a Frauenforschung | |
| 650 | 4 | |a Forensische Psychologie | |
| 650 | 4 | |a Jugendkriminalität | |
| 650 | 4 | |a Justiz | |
| 650 | 4 | |a Gerichtsentscheidung | |
| 650 | 4 | |a Internationaler Vergleich | |
| 650 | 4 | |a Gesellschaft | |
| 651 | 7 | |a Spanien |2 gnd | |
| 651 | 7 | |a Italien |2 gnd | |
| 651 | 7 | |a Großbritannien |2 gnd | |
| 651 | 7 | |a Frankreich |2 gnd | |
| 651 | 7 | |a Deutschland <Bundesrepublik> |2 gnd | |
| 651 | 7 | |a Europa |2 gnd | |
| 655 | 7 | |a Aufsatzsammlung |0 (DE-588)4143413-4 |0 (DE-627)105605727 |0 (DE-576)209726091 |2 gnd-content | |
| 689 | 0 | 0 | |d s |0 (DE-588)4036871-3 |0 (DE-627)104253827 |0 (DE-576)209020989 |a Mädchen |2 gnd |
| 689 | 0 | 1 | |d s |0 (DE-588)4033178-7 |0 (DE-627)10458503X |0 (DE-576)209000511 |a Kriminalität |2 gnd |
| 689 | 0 | |5 (DE-627) | |
| 689 | 1 | 0 | |d s |0 (DE-588)4036871-3 |0 (DE-627)104253827 |0 (DE-576)209020989 |a Mädchen |2 gnd |
| 689 | 1 | 1 | |d s |0 (DE-588)4055783-2 |0 (DE-627)104675101 |0 (DE-576)209115386 |a Sozialisation |2 gnd |
| 689 | 1 | |5 (DE-627) | |
| 689 | 2 | 0 | |d s |0 (DE-588)4036871-3 |0 (DE-627)104253827 |0 (DE-576)209020989 |a Mädchen |2 gnd |
| 689 | 2 | 1 | |d s |0 (DE-588)4028893-6 |0 (DE-627)106276565 |0 (DE-576)208979999 |a Jugendkriminalität |2 gnd |
| 689 | 2 | |5 (DE-627) | |
| 700 | 1 | |a Cain, Maureen E. |d 1938- |e Hrsg. |0 (DE-588)172029848 |0 (DE-627)696929546 |0 (DE-576)160508738 |4 edt | |
| 787 | 0 | 8 | |i Rezensiert in |a Daly, Kathleen, 1948 - |t Book reviews |d 1990 |w (DE-627)1884580386 |
| 856 | 4 | 2 | |u http://www.loc.gov/catdir/enhancements/fy0656/88064111-d.html |x Verlag |y Publisher description |7 1 |
| 856 | 4 | 2 | |u http://www.loc.gov/catdir/enhancements/fy0656/88064111-t.html |x Verlag |y Table of contents |7 1 |
| 889 | |w (DE-627)022615660 | ||
| 935 | |i mdedup | ||
| 936 | r | v | |a DU 3000 |b Allgemeines und Deutschland |k Pädagogik |k Pädagogische Soziologie |k Jugendsoziologie |k Allgemeines und Deutschland |0 (DE-627)1270809784 |0 (DE-625)rvk/20045:761 |0 (DE-576)200809784 |
| 951 | |a BO | ||
| ELC | |b 1 | ||
| LOK | |0 000 xxxxxcx a22 zn 4500 | ||
| LOK | |0 001 3331178004 | ||
| LOK | |0 003 DE-627 | ||
| LOK | |0 004 1648852246 | ||
| LOK | |0 005 20151019152309 | ||
| LOK | |0 008 891220||||||||||||||||ger||||||| | ||
| LOK | |0 040 |a DE-21 |c DE-627 |d DE-21 | ||
| LOK | |0 852 |a DE-21 | ||
| LOK | |0 852 1 |c KB 18 A 5986 |9 00 | ||
| LOK | |0 935 |a krim | ||
| LOK | |0 939 |a 20-12-89 |b l01 | ||
| ORI | |a SA-MARC-krimdoka001.raw | ||
| SIG | |a UB: KB 18 A 5986 | ||
